Brazilian players in UEFA Champions League (2000-) - Statistics

General Stats
  • This quiz has been taken 98 times
  • The average score is 147 of 515
Answer Stats
Ranking Player Positions Nationality Matches Goals (assists) Periods Clubs % Correct
3 Thiago Silva DF 105 4 (1) 2009-2023
100%
44 Ronaldinho MF, FW 47 18 (10) 2004-2007, 2009-2011
99%
12 Neymar MF, FW 81 43 (33) 2013-2023
97%
8 Ederson GK 86 0 (1) 2015-2025
96%
112 Ederson MF 23 0 (0) 2008-2009, 2011-2012
96%
234 Éderson MF 9 1 (0) 2024-2025
96%
9 Kaká MF, FW 85 30 (22) 2003-2007, 2009-2014
96%
399 Kaká DF 4 0 (0) 2011-2012
96%
24 Alisson GK 64 0 (0) 2017-2022, 2024-2025
95%
10 Casemiro MF 83 9 (5) 2013-2021, 2023-2024
95%
5 Marcelo DF, MF 102 9 (23) 2007-2022
95%
108 Marcelo DF 24 0 (0) 2016-2017, 2018-2020
95%
2 Marquinhos DF, MF 107 9 (5) 2013-2025
95%
35 David Luiz DF, MF 54 7 (1) 2007-2008, 2010-2015, 2017-2018
93%
32 Gilberto Silva DF, MF 57 4 (1) 2002-2008, 2010-2011
93%
70 Ronaldo FW 34 13 (4) 2002-2007
93%
4 Fernandinho DF, MF 103 7 (8) 2006-2008, 2010-2022
92%
61 Mauro Silva MF 39 0 (3) 2000-2005
92%
23 Rodrygo MF, FW 64 25 (12) 2019-2025
92%
1 Dani Alves DF, MF 111 12 (23) 2007-2019
91%
370 Antônio da Silva MF 4 1 (0) 2007-2008, 2011-2012
89%
261 Caio Henrique Oliveira Silva DF 8 0 (0) 2024-2025
89%
221 Danilo da Silva DF 10 0 (0) 2012-2013, 2015-2017
89%
14 Douglas Costa MF, FW 76 11 (14) 2010-2021
89%
294 Douglas da Silva DF 6 1 (0) 2010-2011
89%
312 Douglas Luiz MF 6 0 (0) 2024-2025
89%
195 Elpídio Silva FW 11 4 (1) 2001-2002
89%
60 Fred MF, FW 40 1 (2) 2013-2015, 2017-2018, 2020-2022
89%
120 Fred FW 21 6 (2) 2005-2009
89%
355 Leandro Almeida Silva DF 5 0 (0) 2009-2010
89%
498 Lucas Silva MF 1 0 (0) 2014-2015
89%
437 Marcelo Silva MF 3 0 (0) 2002-2003
89%
506 Pedro Silva DF 1 0 (0) 2008-2009
89%
335 Carlos Vinícius MF, FW 5 1 (0) 2019-2020
88%
16 Fabinho DF, MF 72 3 (3) 2014-2015, 2016-2023
88%
405 Paulo Vinícius DF, MF 4 0 (0) 2012-2013
88%
33 Roberto Firmino MF, FW 56 22 (13) 2017-2023
88%
191 Vinicius MF 12 0 (0) 2014-2015, 2017-2018
88%
37 Gabriel Jesus FW 51 24 (8) 2017-2021, 2023-2025
86%
7 Roberto Carlos DF 86 9 (12) 2000-2009
86%
262 Diego Alves GK 8 0 (0) 2011-2013
84%
333 FW 5 2 (0) 2006-2008
84%
27 Lucas Moura MF, FW 60 9 (7) 2012-2019, 2022-2023
84%
132 Diego Carlos DF 20 0 (0) 2020-2021, 2024-2025
83%
151 Juan Jesus DF 17 0 (0) 2017-2018, 2022-2024
83%
25 Júlio César GK 64 0 (0) 2005-2011, 2014-2018
83%
160 Júlio César MF, FW 15 3 (0) 2002-2003, 2006-2007
83%
202 Júlio César DF 11 2 (0) 2006-2008
83%
18 Willian MF, FW 71 17 (11) 2007-2008, 2010-2015, 2017-2018, 2019-2020
83%
210 Antônio Carlos DF 11 0 (0) 2001-2002, 2003-2004
82%
22 Danilo DF, MF 66 1 (6) 2012-2022, 2024-2025
82%
46 Éder Militão DF 46 3 (1) 2018-2025
82%
48 Filipe Luís DF 46 1 (3) 2013-2019
82%
42 Philippe Coutinho MF, FW 48 12 (9) 2010-2011, 2014-2015, 2017-2022
82%
53 Robinho MF, FW 44 9 (9) 2005-2007, 2010-2014
82%
216 Moisés Moura DF, MF 10 1 (0) 2002-2003, 2010-2011
80%
76 Oscar MF, FW 30 8 (6) 2012-2016
80%
19 Dida GK 71 0 (0) 2000-2001, 2002-2007, 2009-2010
78%
89 Bruno César MF, FW 26 6 (1) 2011-2012, 2016-2018
76%
423 César DF, MF 3 0 (0) 2001-2002
76%
449 César GK, DF 2 0 (0) 2014-2015
76%
36 Cafú DF 54 2 (9) 2001-2008
75%
287 Jonathan Cafu DF, MF, FW 6 2 (2) 2016-2017
75%
45 Rivaldo MF, FW 47 14 (9) 2000-2007
75%
39 Hulk MF, FW 50 17 (10) 2008-2009, 2011-2016
74%
6 Maxwell DF 94 0 (10) 2002-2004, 2006-2017
74%
21 Vinicius Júnior MF, FW 68 29 (22) 2018-2025
74%
246 Gabriel MF 9 0 (0) 2018-2020
72%
341 Gabriel DF, MF 5 0 (1) 2008-2009
72%
13 Alex Sandro DF, MF 78 1 (9) 2012-2023
71%
11 Lúcio DF 83 6 (4) 2001-2002, 2004-2006, 2008-2013
71%
17 Rafinha DF 72 2 (4) 2005-2006, 2007-2008, 2011-2018, 2020-2021
71%
91 Rafinha MF, FW 26 1 (2) 2011-2012, 2014-2016, 2018-2019, 2020-2021
71%
328 Rafinha DF, FW 6 0 (0) 2015-2016
71%
87 Raphinha MF, FW 26 16 (12) 2022-2025
71%
50 Ramires MF 45 7 (3) 2010-2016
70%
64 Dante DF 37 0 (3) 2012-2016
68%
133 Gabriel Martinelli MF, FW 19 4 (2) 2023-2025
68%
20 Alex DF 70 9 (3) 2004-2014
67%
95 Alex MF 25 5 (7) 2004-2005, 2007-2009
67%
34 Adriano DF, MF 56 3 (6) 2007-2008, 2009-2018
66%
88 Adriano DF, FW 26 13 (4) 2004-2006, 2008-2009, 2010-2011
66%
342 Adriano FW 5 0 (0) 2006-2008
66%
43 Luiz Adriano MF, FW 47 21 (4) 2008-2009, 2010-2014, 2017-2018
66%
92 Maicon DF 26 1 (0) 2009-2010, 2011-2015, 2018-2019
66%
15 Fernando DF, MF 75 0 (5) 2008-2009, 2011-2016, 2018-2019, 2020-2024
64%
141 Fernando MF 18 1 (1) 2013-2014, 2017-2018
64%
199 Fernando FW 11 2 (1) 2018-2019, 2020-2024
64%
391 Fernando DF, MF, FW 4 0 (0) 2018-2019
64%
77 Lucas Leiva MF 30 0 (3) 2007-2009, 2014-2015, 2020-2021
63%
58 Anderson MF 40 3 (3) 2006-2014
62%
209 Anderson DF 11 0 (0) 2005-2007
62%
240 Felipe Anderson MF, FW 9 0 (1) 2020-2021, 2023-2024
62%
290 Richarlison MF, FW 6 2 (0) 2022-2023
62%
102 Sonny Anderson FW 24 9 (5) 2000-2002, 2007-2008
62%
251 Paulinho MF 9 0 (0) 2017-2018
61%
325 Paulinho DF, MF 6 0 (0) 2020-2021
61%
403 Paulinho MF, FW 4 0 (0) 2019-2020, 2022-2023
61%
408 Sandro MF 4 0 (0) 2010-2011
61%
31 Zé Roberto DF, MF 58 4 (11) 2000-2005, 2008-2009
61%
41 Emerson MF 49 4 (2) 2001-2002, 2004-2008
59%
111 Emerson MF 23 1 (0) 2000-2001, 2003-2004, 2006-2007
59%
164 Emerson DF, MF 15 0 (0) 2022-2023, 2024-2025
59%
243 Emerson DF 9 0 (0) 2011-2012
59%
49 Rafael DF, MF 46 0 (3) 2008-2010, 2012-2013, 2015-2016, 2018-2021
59%
469 Rafael MF 2 0 (0) 2001-2002
59%
86 Arthur Melo MF 27 0 (1) 2018-2023
58%
68 Felipe Melo DF, MF 35 1 (0) 2008-2009, 2012-2015
58%
115 Alexandre Pato MF, FW 22 6 (2) 2007-2008, 2009-2013
57%
106 Miranda DF 24 2 (0) 2013-2014, 2018-2019
57%
159 Antony FW 15 3 (5) 2020-2021, 2023-2024
55%
66 Diego MF 35 6 (2) 2004-2009, 2013-2014
55%
80 Luiz Gustavo DF, MF 29 0 (0) 2010-2012, 2015-2016
55%
212 Neto GK 11 0 (0) 2016-2017, 2018-2020, 2024-2025
54%
259 Renato Neto MF 8 0 (1) 2015-2016
54%
300 Túlio de Melo FW 6 1 (0) 2011-2013
54%
51 Alex Telles DF 45 3 (8) 2013-2014, 2016-2018, 2020-2023
53%
270 Felipe dal Belo DF 7 1 (0) 2005-2006, 2009-2010
53%
229 Joelinton MF, FW 9 2 (1) 2018-2019, 2023-2024
53%
176 Mauro Júnior DF, MF, FW 13 0 (0) 2023-2025
53%
174 Roque Júnior DF 13 1 (1) 2000-2001, 2002-2003, 2004-2005
53%
344 Arthur DF, MF 5 0 (0) 2024-2025
51%
415 Arthur DF, MF, FW 3 2 (0) 2022-2023
51%
220 Bruno Guimarães MF 10 0 (1) 2019-2020, 2023-2024
51%
154 Douglas Santos DF, MF 16 0 (3) 2019-2022
51%
235 Endrick FW 9 1 (0) 2024-2025
51%
47 Felipe DF 46 3 (1) 2016-2023
51%
340 Felipe MF 5 0 (1) 2002-2003
51%
347 Felipe GK 5 0 (0) 2010-2011
51%
348 Felipe DF 5 0 (0) 2009-2010
51%
57 Heurelho Gomes GK 42 0 (0) 2004-2007, 2010-2011
51%
330 Rubens Júnior DF 6 0 (0) 2001-2002
51%
421 Aderlan Santos DF 3 0 (0) 2015-2016
50%
293 Álvaro Santos FW 6 1 (0) 2000-2001
50%
257 André Santos DF, MF 8 1 (0) 2011-2013
50%
170 Fábio DF, FW 14 0 (0) 2009-2012
50%
417 Fábio Santos DF, MF 3 1 (0) 2007-2008
50%
499 Luís Fábio Gomes FW 1 0 (0) 2005-2006
50%
272 Marlon Gomes MF 7 1 (0) 2024-2025
50%
29 Juninho Pernambucano MF 59 17 (21) 2001-2009
49%
280 Robert FW 7 0 (0) 2004-2006
49%
351 Gleison Bremer DF 5 0 (0) 2022-2023, 2024-2025
47%
183 Malcom MF, FW 12 1 (1) 2018-2019, 2020-2022
47%
501 Matheus Fernandes MF, FW 1 0 (0) 2020-2021
46%
65 David Neres MF, FW 36 7 (4) 2018-2024
45%
63 Naldo DF 38 3 (0) 2005-2008, 2015-2016, 2018-2019
45%
150 Gabriel Paulista DF 17 0 (0) 2015-2016, 2018-2020
43%
489 Jean Lucas MF, FW 1 0 (0) 2019-2020
43%
398 Juninho Paulista MF 4 0 (0) 2004-2005
43%
219 Andreas Pereira MF, FW 10 0 (1) 2015-2016, 2018-2019, 2020-2021
42%
96 Juan DF 25 5 (0) 2002-2003, 2004-2005, 2007-2008, 2010-2011
42%
434 Jean Paulista MF, FW 3 0 (0) 2009-2010
41%
140 Pepê DF, MF, FW 18 1 (2) 2021-2024
41%
74 Sylvinho DF 31 3 (4) 2000-2001, 2003-2009
41%
425 Douglas DF 3 0 (0) 2017-2018
39%
101 Gabriel Magalhães DF 25 1 (0) 2019-2020, 2023-2025
39%
406 Renato Augusto MF 4 0 (0) 2011-2012
39%
152 Sávio MF 16 4 (5) 2000-2001, 2008-2009
39%
233 Sávio MF, FW 9 1 (1) 2024-2025
39%
59 Juliano Belletti DF, MF 40 1 (4) 2004-2010
38%
84 Renan Lodi DF, FW 27 1 (3) 2019-2022
38%
130 Carlos Augusto DF 20 0 (2) 2023-2025
37%
56 Giovane Élber FW 42 16 (6) 2000-2004
37%
26 Luisão DF 61 5 (4) 2005-2007, 2010-2018
37%
190 Matheus Cunha MF, FW 12 0 (0) 2019-2020, 2021-2023
37%
93 Allan DF, MF 26 0 (0) 2016-2020
36%
98 Bernard MF, FW 25 3 (3) 2013-2015, 2017-2018
36%
392 Filipe Augusto MF 4 0 (0) 2016-2018
36%
52 Alex Teixeira MF, FW 44 11 (3) 2010-2015, 2021-2022
34%
114 Vágner Love FW 22 6 (6) 2004-2005, 2006-2007, 2011-2012, 2017-2018
34%
105 Júlio Baptista MF, FW 24 4 (1) 2005-2008, 2010-2011, 2012-2013
33%
136 Luís Fabiano FW 18 6 (5) 2004-2005, 2007-2008, 2009-2010
33%
267 Thiago Mendes DF, MF 8 0 (0) 2019-2020
32%
146 Igor Paixão MF, FW 17 2 (4) 2023-2025
30%
55 Taison MF, FW 43 4 (6) 2012-2015, 2017-2021
30%
217 Wendel MF 10 1 (0) 2020-2022
30%
308 Bruno Peres DF, MF 6 0 (0) 2017-2018
29%
245 Fabiano GK 9 0 (0) 2014-2015
29%
389 Fabiano DF 4 0 (0) 2004-2005
29%
113 Talisca MF, FW 22 8 (0) 2014-2018
29%
444 Bruno Henrique MF, FW 2 0 (1) 2015-2016
28%
345 Carlos Alberto MF 5 0 (0) 2004-2005, 2007-2008
28%
256 Edu FW 8 2 (0) 2010-2011
28%
383 Edu MF, FW 4 0 (0) 2005-2006
28%
386 Elano MF 4 0 (0) 2006-2007
28%
365 Grafite FW 4 3 (0) 2009-2010
28%
72 Jonas FW 32 11 (5) 2010-2012, 2015-2019
28%
396 Jonas MF 4 0 (0) 2016-2017
28%
125 Léo DF 21 0 (1) 2005-2008
28%
81 Michel Bastos DF, MF 28 6 (2) 2006-2007, 2009-2013
28%
197 Rafael Bastos MF, FW 11 2 (3) 2010-2011, 2012-2013
28%
145 Samuel Lino DF, MF, FW 17 3 (6) 2023-2025
28%
422 André FW 3 0 (0) 2016-2017
26%
135 Claudemir de Souza MF 19 2 (0) 2010-2011, 2013-2014, 2016-2017
26%
381 Dalbert Henrique DF, MF 4 0 (0) 2020-2021
26%
54 Edmílson DF, MF 44 1 (1) 2000-2008
26%
104 Evanilson FW 24 5 (2) 2020-2024
26%
165 Evanílson DF, FW 15 0 (0) 2001-2003
26%
167 Gilberto DF, MF 14 1 (0) 2021-2023
26%
395 Henrique DF 4 0 (0) 2006-2007, 2008-2010
26%
277 Josef de Souza MF 7 0 (0) 2011-2012, 2021-2022
26%
337 Luciano de Souza MF 5 0 (2) 2000-2001
26%
436 Luis Henrique DF, MF, FW 3 0 (0) 2020-2021
26%
358 Paulo Henrique FW 5 0 (0) 2011-2012
26%
327 Pedro Henrique DF, FW 6 0 (0) 2024-2025
26%
373 Pedro Henrique MF, FW 4 1 (0) 2017-2018
26%
311 Cléber Santana MF 6 0 (0) 2009-2010
25%
457 Gabriel Barbosa DF, MF, FW 2 0 (0) 2017-2018
25%
297 Luís Alberto MF 6 1 (0) 2012-2013
25%
376 Nenê MF, FW 4 0 (1) 2012-2013
25%
40 Serginho DF, MF 50 2 (3) 2000-2001, 2002-2008
25%
473 Souza FW 2 0 (0) 2008-2009
25%
143 Dedê DF 18 0 (2) 2001-2003
24%
107 Denílson MF 24 1 (0) 2006-2011
24%
482 Denílson MF 1 0 (0) 2005-2006
24%
161 Felipe Santana DF 15 2 (0) 2011-2015
24%
38 Helton Arruda GK 51 0 (0) 2006-2009, 2011-2014
24%
433 Jander Ribeiro Santana MF 3 0 (0) 2019-2020
24%
75 Jardel DF 31 0 (0) 2011-2012, 2014-2015, 2017-2020
24%
248 Kléber FW 9 0 (0) 2004-2005, 2006-2008
24%
271 Kléber FW 7 1 (0) 2011-2013
24%
464 Leonardo MF, FW 2 0 (0) 2001-2002
24%
495 Leonardo MF 1 0 (0) 2001-2002
24%
249 Lucas Beraldo DF 9 0 (0) 2023-2025
24%
166 Mário Jardel FW 14 6 (0) 2000-2001
24%
407 Rodrigo MF 4 0 (0) 2006-2007
24%
155 Cicinho DF 16 0 (1) 2005-2008, 2010-2011
22%
30 Cris DF 59 3 (4) 2002-2003, 2004-2013
22%
276 Hernanes MF 7 0 (0) 2015-2017
22%
213 Renato MF 10 3 (1) 2007-2008, 2009-2010
22%
238 Vanderson DF, MF, FW 9 0 (2) 2024-2025
22%
268 Yan Couto DF, MF, FW 8 0 (0) 2024-2025
22%
382 Danilo Barbosa DF, MF 4 0 (0) 2015-2016
21%
404 Paulo Otávio DF, MF 4 0 (0) 2021-2022
21%
69 Wendell DF 35 0 (2) 2014-2016, 2019-2020, 2021-2024
21%
148 Dodô DF 17 1 (1) 2019-2022
20%
244 Everton Soares MF, FW 9 0 (0) 2021-2022
20%
397 Júlio Sérgio GK 4 0 (0) 2010-2011
20%
505 Pedro Rocha Neves MF, FW 1 0 (0) 2017-2018
20%
507 Rafael Cabral GK 1 0 (0) 2013-2014
20%
206 Ricardo Oliveira FW 11 1 (0) 2005-2007
20%
230 Tiquinho Soares FW 9 2 (1) 2016-2019
20%
214 Arthur Cabral FW 10 2 (0) 2023-2025
18%
94 Artur Moraes GK 26 0 (0) 2010-2015
18%
211 Cláudio Taffarel GK 11 0 (0) 2000-2001
18%
375 José Kléberson MF 4 0 (1) 2003-2005
18%
296 Leonardo Pereira de Oliveira MF 6 1 (0) 2007-2008, 2009-2010
18%
264 Marcelo José Oliveira DF 8 0 (0) 2011-2012
18%
324 Matheus GK 6 0 (0) 2023-2024
18%
502 Mattheus Oliveira MF, FW 1 0 (0) 2017-2018
18%
109 Paulo Sérgio MF, FW 23 5 (1) 2000-2002
18%
172 Raffael MF, FW 13 3 (1) 2012-2013, 2015-2017
18%
255 Weligton Oliveira DF 9 0 (0) 2012-2013
18%
231 Bruno Moraes FW 9 1 (1) 2003-2004, 2006-2007
17%
204 Daniel Carvalho MF 11 1 (2) 2004-2005, 2006-2007, 2009-2010
17%
79 Doni GK 29 0 (0) 2006-2008, 2010-2011
17%
83 Giovanni MF, FW 27 4 (3) 2000-2005
17%
467 Matheus Carvalho FW 2 0 (0) 2014-2015
17%
364 Vitor Carvalho MF 5 0 (0) 2023-2024
17%
377 Wesley MF 4 0 (1) 2010-2011
17%
173 Wesley Moraes FW 13 2 (0) 2016-2017, 2018-2019, 2021-2022
17%
478 Alex Porfirio de Lima MF, FW 1 0 (0) 2011-2012
16%
218 Alexsandro Ribeiro DF 10 0 (1) 2024-2025
16%
448 Carlos Eduardo MF, FW 2 0 (0) 2010-2011
16%
71 Fábio Aurélio DF, MF 34 3 (5) 2000-2001, 2002-2003, 2006-2010
16%
117 Francisco Lima MF 22 0 (0) 2001-2003
16%
247 Gerson MF, FW 9 0 (0) 2017-2018, 2022-2023
16%
241 Jorge Luiz Sousa MF, FW 9 0 (1) 2005-2007
16%
462 Leandro Lima MF 2 0 (0) 2007-2008
16%
116 Lima FW 22 3 (0) 2010-2011, 2012-2015
16%
177 Márcio Amoroso FW 12 5 (1) 2001-2003
16%
189 Marcos Antônio MF 12 0 (0) 2019-2022
16%
360 Ricardinho DF 5 0 (0) 2014-2015
16%
439 Ricardinho MF 3 0 (0) 2007-2008
16%
162 André Ramalho DF 15 0 (1) 2015-2016, 2019-2020, 2023-2024
14%
169 Beto DF, MF 14 0 (1) 2000-2001, 2005-2007
14%
307 Bruno Felipe Souza da Silva DF, MF, FW 6 0 (0) 2021-2022
14%
385 Eduardo MF, FW 4 0 (0) 2008-2009
14%
194 Marcão FW 11 4 (2) 2000-2001
14%
250 Marcão DF 9 0 (0) 2019-2020, 2022-2023
14%
99 Rodrigo Taddei DF, FW 25 3 (3) 2006-2008, 2010-2011
14%
127 Tetê MF, FW 20 3 (1) 2019-2021, 2023-2024
14%
283 Zé Maria DF 7 0 (0) 2004-2006
14%
239 Bernardo DF, MF 9 0 (1) 2017-2018, 2021-2023
13%
85 Flávio Conceição MF 27 0 (2) 2000-2002, 2005-2006
13%
432 Hugo Alcântara DF 3 0 (0) 2008-2009, 2010-2011
13%
67 Ismaily DF 35 3 (4) 2012-2013, 2015-2016, 2017-2019, 2021-2022, 2024-2025
13%
493 Leandro MF 1 0 (0) 2002-2003
13%
494 Leandro MF, FW 1 0 (0) 2003-2004
13%
123 Mariano DF, MF 21 0 (2) 2015-2016, 2018-2020
13%
323 Marlon DF 6 0 (0) 2016-2017, 2021-2022
13%
179 Nilmar FW 12 4 (0) 2004-2005, 2011-2012
13%
281 Tuta DF, MF 7 0 (0) 2022-2023
13%
336 Vágner MF 5 1 (0) 2003-2004
13%
62 Brandão FW 38 7 (1) 2004-2005, 2006-2012
12%
476 Élton Rodrigues Brandão FW 1 0 (1) 2010-2011
12%
443 Ganso MF, FW 2 1 (0) 2016-2018
12%
393 Gelson Rodrigues FW 4 0 (0) 2005-2006
12%
118 Jemerson DF, MF 22 0 (0) 2016-2019
12%
465 Lucas Piazon MF, FW 2 0 (0) 2012-2013
12%
359 Reinier MF, FW 5 0 (0) 2020-2022
12%
158 Galeno DF, MF, FW 15 7 (5) 2022-2024
11%
353 Jorge DF 5 0 (0) 2017-2019
11%
315 Josué MF 6 0 (0) 2009-2010
11%
97 Mancini MF, FW 25 4 (1) 2004-2005, 2006-2010
11%
286 André Cruz DF 6 2 (2) 2000-2001
9%
228 Clayton Ferreira Cruz MF, FW 9 3 (1) 2001-2002
9%
90 Edu Gaspar MF 26 3 (0) 2001-2004, 2006-2008
9%
128 Geovanni MF, FW 20 2 (1) 2001-2002, 2005-2006
9%
129 Ilsinho DF, FW 20 1 (0) 2007-2008, 2012-2015
9%
73 Jádson MF 31 9 (8) 2006-2008, 2010-2012
9%
354 José Nadson Ferreira DF 5 0 (0) 2011-2012
9%
203 Junior Messias DF, MF, FW 11 2 (0) 2021-2023
9%
28 Maicon Sisenando DF 60 5 (2) 2004-2005, 2006-2012, 2014-2016
9%
126 Marcelo Bordon DF 21 0 (1) 2003-2004, 2005-2006, 2007-2008
9%
514 Victor Ramos Ferreira DF 1 0 (0) 2009-2010
9%
168 Vitorino Hilton DF 14 1 (0) 2008-2010, 2012-2013
9%
374 Wanderson MF, FW 4 1 (0) 2020-2021
9%
227 Aílton Gonçalves FW 9 3 (1) 2011-2012
8%
110 Alan Patrick MF 23 1 (4) 2017-2022
8%
207 Aldair DF 11 0 (1) 2001-2003
8%
260 Breno Borges DF 8 0 (0) 2008-2009, 2010-2011
8%
309 Bruno Reis MF 6 0 (0) 2004-2005
8%
368 Cacá MF 4 1 (1) 2008-2009
8%
451 Didi FW 2 0 (0) 2008-2009
8%
185 Duda FW 12 1 (0) 2001-2002
8%
453 Dudu MF, FW 2 0 (0) 2012-2013
8%
157 Ewerthon FW 16 0 (0) 2002-2003, 2007-2008
8%
459 Jonathan Moreira DF 2 0 (0) 2011-2012
8%
490 Jonathan Reis MF, FW 1 0 (0) 2007-2008
8%
461 Kenedy DF, MF, FW 2 0 (0) 2015-2016
8%
418 Léo Baptistão MF, FW 3 1 (0) 2013-2014
8%
285 Lincoln MF 6 2 (4) 2005-2006
8%
119 Matheus Reis DF, MF 22 0 (0) 2021-2022, 2024-2025
8%
279 Maurício DF, MF 7 0 (0) 2014-2016
8%
504 Neto Borges DF, MF 1 0 (0) 2019-2020
8%
266 Pedrinho MF, FW 8 0 (0) 2021-2022, 2024-2025
8%
147 Dentinho MF, FW 17 2 (0) 2015-2016, 2017-2022
7%
205 Fábio Luciano DF 11 1 (0) 2004-2006
7%
198 Guilherme MF, FW 11 2 (2) 2016-2017, 2019-2020
7%
445 Guilherme MF, FW 2 0 (1) 2009-2010
7%
352 João Guilherme DF, MF 5 0 (0) 2014-2015
7%
163 Marcos Assunção MF 15 0 (1) 2001-2002, 2005-2006
7%
78 Paulo Assunção MF 30 0 (0) 2005-2010
7%
510 Roger Ibanez DF 1 0 (0) 2019-2020
7%
363 Serginho Baiano MF, FW 5 0 (0) 2001-2002
7%
411 Wallace DF 4 0 (0) 2014-2015
7%
414 Wellington Nem DF, MF, FW 4 0 (0) 2014-2015, 2018-2019
7%
274 Welliton FW 7 0 (1) 2010-2011, 2012-2013
7%
450 Cláudio FW 2 0 (0) 2000-2001
5%
192 Deivid FW 11 5 (0) 2007-2009
5%
452 Diego Cavalieri GK 2 0 (0) 2008-2010
5%
131 Edu Dracena DF 20 0 (1) 2002-2003, 2007-2009
5%
334 Fábio Pinto FW 5 1 (1) 2002-2004
5%
171 França FW 13 5 (0) 2002-2003, 2004-2005
5%
366 Jefferson Nascimento DF 4 1 (2) 2014-2015, 2016-2017
5%
492 Kelvin MF, FW 1 0 (0) 2014-2015
5%
269 Kevin MF, FW 7 2 (0) 2024-2025
5%
317 Leandro Vieira MF 6 0 (0) 2005-2006
5%
372 Leonardo Araújo DF, MF 4 1 (0) 2000-2001
5%
318 Luiz Araújo MF, FW 6 0 (0) 2019-2020
5%
184 Marcos Tavares FW 12 1 (1) 2014-2015, 2017-2018
5%
284 Matheus Leite Nascimento MF, FW 6 3 (0) 2010-2011
5%
304 Natan DF 6 0 (1) 2023-2024
5%
475 Rômulo MF 1 1 (0) 2012-2013
5%
200 Vitinho MF, FW 11 2 (1) 2013-2014, 2017-2018
5%
441 Vitinho DF, MF 3 0 (0) 2021-2022
5%
226 Zé Elias MF 10 0 (0) 2000-2003
5%
369 Alan Kardec FW 4 1 (0) 2010-2011
4%
134 Ânderson Polga DF 19 2 (0) 2006-2009
4%
275 Bruno Duarte MF, FW 7 0 (0) 2024-2025
4%
121 Derlei FW 21 4 (2) 2003-2004, 2008-2009
4%
346 Diego Tardelli MF, FW 5 0 (0) 2006-2007
4%
137 Djalminha MF, FW 18 5 (3) 2000-2001, 2003-2004
4%
455 Elías MF 2 0 (0) 2016-2017
4%
483 Elinton Andrade GK 1 0 (0) 2011-2012
4%
388 Evander MF, FW 4 0 (0) 2020-2021
4%
100 Fábio Rochemback DF, MF 25 1 (3) 2001-2002, 2008-2009
4%
419 Fábio Simplício MF 3 0 (1) 2010-2011
4%
223 Fernando Marçal DF, MF 10 0 (0) 2018-2020
4%
187 Guilherme Siqueira DF, MF 12 0 (0) 2013-2016
4%
232 Jussiê MF, FW 9 1 (1) 2008-2010
4%
357 Lucas Veríssimo DF 5 0 (0) 2021-2023
4%
236 Morato DF 9 1 (0) 2021-2024
4%
298 Rafael Carioca MF 6 1 (0) 2012-2013
4%
302 Ronny DF, MF 6 0 (2) 2006-2008
4%
513 Victor Andrade MF, FW 1 0 (0) 2015-2016
4%
477 Airton DF, MF 1 0 (0) 2010-2011
3%
82 Caçapa DF, MF 28 0 (1) 2000-2007
3%
208 César Prates DF, MF 11 0 (1) 2000-2001, 2003-2004
3%
301 Cristiano da Silva Leite DF 6 0 (3) 2021-2022
3%
149 Dudu Cearense MF 17 1 (1) 2006-2007, 2009-2010
3%
456 Fernandão FW 2 0 (0) 2003-2004
3%
182 Fernando Menegazzo MF 12 1 (2) 2006-2007, 2009-2010
3%
350 Giuliano de Paula MF, FW 5 0 (0) 2020-2021
3%
138 Luis Robson FW 18 4 (3) 2000-2002
3%
319 Marcinho MF 6 0 (0) 2011-2012
3%
503 Michael MF 1 0 (0) 2007-2008
3%
326 Paulo César Rocha Rosa FW 6 0 (0) 2010-2011, 2012-2013
3%
180 Pena FW 12 3 (0) 2001-2002
3%
511 Thiago Maia DF, MF 1 0 (0) 2019-2020
3%
440 Vinicius Tobias DF 3 0 (0) 2024-2025
3%
291 Adriano Pimenta MF 6 1 (1) 2005-2006
1%
305 Alanzinho MF 6 0 (0) 2011-2012
1%
242 Alcides DF 9 0 (0) 2005-2006, 2007-2008
1%
379 Alexandre Silva Cleyton MF, FW 4 0 (0) 2008-2009
1%
416 Arthuro FW 3 1 (0) 2008-2009
1%
156 Betão DF 16 0 (0) 2008-2009, 2012-2013
1%
447 Biel MF, FW 2 0 (0) 2024-2025
1%
196 Bobô FW 11 3 (0) 2007-2008, 2009-2010
1%
367 Bruno Tabata MF, FW 4 1 (1) 2021-2022
1%
186 Carlão DF, MF, FW 12 0 (1) 2012-2013, 2014-2015, 2017-2018
1%
338 César Sampaio MF 5 0 (1) 2000-2001
1%
310 César Santin MF, FW 6 0 (0) 2010-2011
1%
288 Claudinho MF, FW 6 2 (0) 2021-2022
1%
289 Cléo FW 6 2 (0) 2010-2011
1%
273 Corrêa MF 7 0 (3) 2006-2008
1%
103 Diogo Rincón MF 24 6 (2) 2002-2004, 2006-2008
1%
454 Edmilson Gonçalves Pimenta MF, FW 2 0 (0) 2000-2001
1%
384 Eduardo Ratinho DF 4 0 (0) 2007-2008
1%
442 Élson MF 2 1 (0) 2009-2010
1%
387 Emílson Cribari DF 4 0 (0) 2007-2008
1%
484 Eric Botteghin DF 1 0 (0) 2017-2018
1%
263 Evandro Goebel MF 8 0 (0) 2014-2017
1%
430 Gabriel Veron MF, FW 3 0 (0) 2022-2023
1%
431 Glauber MF 3 0 (0) 2001-2002
1%
201 Ibson MF 11 2 (0) 2005-2006, 2010-2011
1%
188 João Batista Casemiro Marques MF 12 0 (0) 2002-2005
1%
278 Júnior Caiçara DF 7 0 (0) 2014-2015, 2020-2021
1%
491 Keirrison FW 1 0 (0) 2009-2010
1%
124 Leandro Salino DF, MF 21 0 (1) 2010-2011, 2012-2013, 2015-2016
1%
435 Léo Jardim GK 3 0 (0) 2019-2020, 2021-2022
1%
463 Léo Veloso DF 2 0 (0) 2010-2011
1%
466 Marcelo Mattos MF 2 0 (0) 2008-2009
1%
321 Márcio Giovanini DF 6 0 (0) 2004-2005
1%
139 Márcio Nobre FW 18 3 (0) 2004-2005, 2007-2008, 2009-2010
1%
193 Matuzalém MF 11 4 (3) 2004-2005, 2006-2007
1%
142 Maycon MF 18 1 (1) 2018-2019, 2020-2022
1%
438 Paulo Vitor Barreto FW 3 0 (0) 2005-2006
1%
252 Rafael Schmitz DF 9 0 (0) 2001-2002, 2005-2007
1%
420 Reinaldo FW 3 0 (1) 2004-2005
1%
508 Rhodolfo DF 1 0 (0) 2016-2017
1%
329 Rodrigo Becão DF 6 0 (0) 2018-2019
1%
472 Rogério Gaúcho FW 2 0 (0) 2007-2008
1%
474 Victor Simões FW 2 0 (0) 2005-2006
1%
412 Wamberto MF, FW 4 0 (0) 2002-2004
1%
122 Wendel Geraldo MF 21 1 (4) 2006-2007, 2008-2010
1%
306 Alecsandro FW 6 0 (0) 2006-2007
0%
378 Alef DF, MF 4 0 (0) 2018-2019
0%
479 Alexandre D'Acol MF, FW 1 0 (0) 2005-2006
0%
181 Alexandre Goulart FW 12 1 (2) 2001-2002
0%
343 André Galiassi DF 5 0 (0) 2008-2009
0%
380 Arghus DF 4 0 (0) 2014-2015
0%
153 Capone DF 16 1 (1) 2000-2002
0%
480 Celsinho MF 1 0 (0) 2007-2008
0%
178 Christian FW 12 5 (0) 2000-2001, 2002-2003
0%
481 Cláudio Pitbull FW 1 0 (0) 2004-2005
0%
339 Derley FW 5 0 (1) 2014-2015
0%
424 Douglão DF 3 0 (0) 2012-2013
0%
426 Edcarlos DF 3 0 (0) 2007-2008
0%
427 Edimar Fraga DF, MF 3 0 (0) 2010-2011
0%
215 Eguinaldo MF, FW 10 1 (1) 2023-2025
0%
222 Erivan DF 10 0 (0) 2001-2002
0%
428 Everton Giovanella MF 3 0 (0) 2003-2004
0%
485 Ezequias DF 1 0 (0) 2006-2007
0%
390 Felipe Gedoz MF, FW 4 0 (0) 2016-2017
0%
486 Felipe Menezes MF 1 0 (0) 2010-2011
0%
487 Fernando Canesin MF, FW 1 0 (0) 2012-2013
0%
313 Fernando Costanza DF 6 0 (0) 2021-2022
0%
429 Gabriel Boschilia MF, FW 3 0 (0) 2016-2018
0%
349 Géder DF 5 0 (0) 2006-2007
0%
295 Gérson Magrão MF 6 1 (0) 2009-2010
0%
488 Gladstone DF 1 0 (0) 2007-2008
0%
394 Gustavo Boccoli MF 4 0 (0) 2009-2010
0%
458 Gustavo Campanharo MF 2 0 (0) 2016-2017
0%
144 Gustavo Manduca MF, FW 17 5 (1) 2006-2007, 2011-2012, 2014-2015
0%
314 Isael MF, FW 6 0 (0) 2020-2021
0%
460 Juninho Quixadá FW 2 0 (0) 2014-2015
0%
316 Kaio Pantaleão DF, MF 6 0 (0) 2020-2021
0%
400 Kanu MF, FW 4 0 (0) 2012-2013
0%
401 Leandro Bonfim MF, FW 4 0 (0) 2002-2003, 2006-2007
0%
371 Leandro Tatu FW 4 1 (0) 2013-2014
0%
496 Luan Peres Petroni DF 1 0 (0) 2018-2019
0%
497 Lucas Sasha DF, MF 1 0 (0) 2016-2017
0%
356 Lucas Taylor DF 5 0 (0) 2022-2023
0%
500 Marcel Augusto Ortolan FW 1 0 (0) 2005-2006
0%
402 Marcelo Moretto GK 4 0 (0) 2005-2006
0%
320 Márcio Azevedo DF 6 0 (0) 2014-2015, 2017-2018
0%
175 Márcio Mixirica FW 13 0 (0) 2000-2002
0%
322 Marcos Camozzato DF 6 0 (0) 2009-2010
0%
237 Mossoró MF 9 1 (0) 2010-2011, 2012-2013
0%
303 Mozart MF 6 0 (1) 2006-2007
0%
224 Murilo Cerqueira DF, MF 10 0 (0) 2019-2021
0%
292 Natanael DF, MF 6 1 (1) 2016-2017
0%
265 Newerton MF, FW 8 0 (0) 2023-2025
0%
446 Otavio Ataide DF 2 0 (1) 2023-2024
0%
468 Paulão DF 2 0 (0) 2010-2011
0%
225 Paulo Turra DF 10 0 (0) 2001-2002
0%
470 Ramón MF 2 0 (0) 2007-2008
0%
361 Ricardo Vilana MF 5 0 (0) 2009-2010
0%
258 Robson Ponte MF, FW 8 0 (2) 2000-2001, 2004-2005
0%
253 Rodolfo DF 9 0 (0) 2004-2005, 2006-2007
0%
509 Rodrigo Defendi DF 1 0 (0) 2006-2007
0%
362 Rodrigo Galo Brito DF, MF 5 0 (0) 2018-2019
0%
471 Rodrigo Pinho MF, FW 2 0 (0) 2022-2023
0%
299 Ronaldo Guiaro DF 6 1 (0) 2003-2004
0%
254 Sebá MF, FW 9 0 (0) 2015-2016, 2017-2018
0%
331 Somália DF, MF, FW 6 0 (0) 2020-2021
0%
409 Tiago Bernardini DF 4 0 (0) 2005-2006
0%
512 Tiago Dutra MF 1 0 (0) 2009-2010
0%
332 Vandinho MF 6 0 (0) 2010-2011
0%
410 Vitão DF 4 0 (0) 2020-2022
0%
515 Weldon FW 1 0 (0) 2010-2011
0%
413 Welinton DF 4 0 (0) 2021-2022
0%
282 William Boaventura DF, MF 7 0 (0) 2011-2012
0%
No matching quizzes found
Score Distribution
Percent of People with Each Score
Percentile by Number Answered
Your Score History
You have not taken this quiz